00697nam a2200241Ia 4500003000900000008004100009040001300050040001300063041000800076100002700084245004500111250001000156260001400166260000900180300001100189300001000200490002300210490000800233710000800241942000700249999001700256952018200273IT-RoPAU120407s9999 xx 000 0 und d aIT-RoPAU cIT-RoPAU aita aAngelika Schrobsdorff  aL’Islamismo. Gli Indios della Colombia aParis aGallimard c1988 a187 p. c21 cm aLes temps modernes v500 aetc cBK c27701d27701 00102ddc406908_31600000000000071aPAULUSbPAULUSd2012-04-11l0o908.316r2012-04-11 00:00:00w2012-04-11yBKzInserito da: In data: n.d. fondo: Via A.Severo 56 Progr:17672